MARC details
| 000 -LEADER |
| fixed length control field |
01007nab a22002417a 4500 |
| 003 - CONTROL NUMBER IDENTIFIER |
| control field |
OSt |
| 005 - DATE AND TIME OF LATEST TRANSACTION |
| control field |
20250429033957.0 |
| 008 - FIXED-LENGTH DATA ELEMENTS--GENERAL INFORMATION |
| fixed length control field |
250414t2025 |||ddrnnoo|||i00| 00eng dd |
| 040 ## - CATALOGING SOURCE |
| Transcribing agency |
JMCFI - Learning Resource Center |
| 100 ## - MAIN ENTRY--PERSONAL NAME |
| Personal name |
Borenstein, Seth |
| 9 (RLIN) |
29642 |
| 245 ## - TITLE STATEMENT |
| Title |
Why Greenland? Remote but resource-rich island occupies a key position in a warming world / |
| Statement of responsibility, etc. |
Seth Borenstein. |
| 260 ## - PUBLICATION, DISTRIBUTION, ETC. |
| Place of publication, distribution, etc. |
Makati City : |
| Name of publisher, distributor, etc. |
Philippine Business Daily Mirror Publishing, Inc., |
| Date of publication, distribution, etc. |
2025. |
| 650 ## - SUBJECT ADDED ENTRY--TOPICAL TERM |
| Topical term or geographic name entry element |
Biodiversity. |
| 9 (RLIN) |
23099 |
| 650 ## - SUBJECT ADDED ENTRY--TOPICAL TERM |
| Topical term or geographic name entry element |
Ecosystem biodiversity. |
| 9 (RLIN) |
30186 |
| 650 ## - SUBJECT ADDED ENTRY--TOPICAL TERM |
| Topical term or geographic name entry element |
Greenland |
| General subdivision |
Environmental aspects. |
| 9 (RLIN) |
30387 |
| 650 ## - SUBJECT ADDED ENTRY--TOPICAL TERM |
| Topical term or geographic name entry element |
Climate change. |
| 9 (RLIN) |
12083 |
| 650 ## - SUBJECT ADDED ENTRY--TOPICAL TERM |
| Topical term or geographic name entry element |
Climate and environment. |
| 9 (RLIN) |
29212 |
| 650 ## - SUBJECT ADDED ENTRY--TOPICAL TERM |
| Topical term or geographic name entry element |
Global warming. |
| 9 (RLIN) |
12080 |
| 650 ## - SUBJECT ADDED ENTRY--TOPICAL TERM |
| Topical term or geographic name entry element |
Newspaper articles (Open access). |
| 9 (RLIN) |
26869 |
| 773 ## - HOST ITEM ENTRY |
| Related parts |
, (13 January 2025). |
| Title |
BusinessMirror |
| 856 ## - ELECTRONIC LOCATION AND ACCESS |
| Uniform Resource Identifier |
<a href="https://businessmirror.com.ph/2025/01/13/why-greenland-remote-but-resource-rich-island-occupies-a-key-position-in-a-warming-world/">https://businessmirror.com.ph/2025/01/13/why-greenland-remote-but-resource-rich-island-occupies-a-key-position-in-a-warming-world/</a> |
| 942 ## - ADDED ENTRY ELEMENTS (KOHA) |
| Koha item type |
Newspapers (Open Access) |
| Suppress in OPAC |
No |
| Source of classification or shelving scheme |
Library of Congress Classification |